US States & Canadian Provinces Closest to Maine - One Minute Sprint - Statistics

General Stats
  • This quiz has been taken 75 times
  • The average score is 14 of 20
Answer Stats
km state/province miles % Correct
0 New Hampshire 0
93%
180 New York 112
93%
32 Vermont 20
92%
0 Québec 0
87%
23 Massachusetts 14
83%
147 Connecticut 91
80%
129 Rhode Island 80
80%
374 Pennsylvania 233
78%
348 New Jersey 216
75%
255 Ontario 159
75%
258 Prince Edward Island 160
73%
0 New Brunswick 0
67%
74 Nova Scotia 46
67%
637 Newfoundland and Labrador 396
65%
533 Delaware 331
58%
562 Maryland 349
55%
796 Ohio 494
53%
680 Virginia 422
47%
707 West Virginia 439
30%
849 North Carolina 527
20%
No matching quizzes found
Score Distribution
Percent of People with Each Score
Percentile by Number Answered
Your Score History
You have not taken this quiz